000 00779nam a22002657a 4500
001 8055
003 FISKH
005 20250820082417.0
008 250820b cb ||||| |||| 00| 0 eng d
020 _a9781416928195
040 _aFISKH
_beng
_cFISKH
_dFISKH
050 _a PZ7.H8696 B
100 _aHuelin, Jodi
245 _aBig brother piglet /
_cBy Jodi Huelin
260 _aNew York :
_bSimon Spotlight ,
_c2007.
300 _a24 unnumbered pages :
_bcolor illustrations ;
_c23 cm .
490 _aRead-To-Read
_vLevel 1
505 _aC
520 _aPiggley learns that being a big brother is a big job.
521 8 _a160
_bLexile estimate
521 8 _aC
_bRaz-Plus
700 _aEntara Ltd
_eIllustrator
942 _2ddc
_cBK
_n0
999 _c8055
_d8055